Every Harry Potter Spell Ever - Statistics

General Stats
  • This quiz has been taken 10 times
  • The average score is 48 of 160
Answer Stats
Description Initial Answer % Correct
Summons an object A Accio
100%
Shoots water from wand A Aguamenti
100%
Opens locked objects A Alohomora
100%
Unforgivable - kills someone AK Avada Kedavra
100%
Disarms your opponent E Expelliarmus
100%
Makes and object float WL Wingardium Leviosa
100%
Causes explosions B Bombarda
83%
Causes Large Explosions BM Bombarda Maxima
83%
Cuts objects D Diffindo
83%
Enlarges an object E Engorgio
83%
Creates light at wand tip L Lumos
83%
Counter spell (for spall that creates light at wand tip) N Nox
83%
Same as above but when brother wands duel PI Priori Incantatem
83%
Causes spell to reflect back to sender P Protego
83%
Repairs things R Reparo
83%
Cleaning charm S Scourgify
83%
Dark curse that causes wounds (used against Draco) S Sectumsempra
83%
Produces snake S Serpensortia
83%
Launches birds from your wand A Avis
67%
Puts a persons head in a protective air bubble BH Bubble Head
67%
Unforgivable - tortures someone C Crucio
67%
Creates a patronus EP Expecto Patronum
67%
Uncontrollable dark magic fire F Fiendfyre
67%
Unforgivable - controls someone I Imperio
67%
Starts a fire I Incendio
67%
Glues opponent's tongue to roof of the mouth L Langlock
67%
Hangs someone by their feet L Levicorpus
67%
Creates a ball of light that can brighten a room for a long time LM Lumos Maxima
67%
Prevents nearby people from listening to conversations M Muffliato
67%
Erases memories O Obliviate
67%
Body-bind PT Petrificus Totalus
67%
Makes and object a Portkey P Portus
67%
Blasts solid objects aside R Reducto
67%
Boggart defeating spell R Riddikulus
67%
Silences victim S Silencio
67%
Amplifies voice S Sonorus
67%
Knocks someone out S Stupefy
67%
Detects enemies and emits a scream C Caterwauling
50%
Used to confuse opponent C Confundus
50%
Heals minor injuries E Episky
50%
Hides a secret within someone F Fidelius
50%
Duplicates an object G Gemino
50%
Reveals humans nearby HR Homenum Revelio
50%
Renders object immobile I Immobulus
50%
Caster can read mind of someone L Legilimens
50%
Wand acts like a compass PM Point Me
50%
Reveals hidden objects R Revelio
50%
Tickling spell R Rictusempra
50%
If you break the vow you make, you die UV Unbreakable Vow
50%
Opens objects A Aberto
33%
Prevents Cheating on Exams AC Anti-Cheating
33%
Reveals invisible ink A Aparecium
33%
Teleportation Spell A Apparate
33%
Makes a person babble BC Babbling Curse
33%
Makes a person happy and giddy C Cheering
33%
Locks Doors C Colloportus
33%
Helps cushion a fall C Cushioning
33%
Shrinks the target D Diminuendo
33%
Makes the target blend in to the surroundings D Disillusionment
33%
Makes object hard D Duro
33%
Give a person kumquat ears ETK Ears to Kumquats
33%
Counter spell (against spell that knocks someone out) E Ennervate
33%
Builds things E Erecto
33%
Makes objects explode E Expulso
33%
Terminates spell in casters area F Finite
33%
Turns stairs into ramps G Glisseo
33%
Ties someone up with rope I Incarcerous
33%
Conjures the Dark Mark M Morsmorde
33%
Packs a suitcase P Pack
33%
Animates statues and armor suits PL Piertotum Locomotor
33%
Shows recently cast spells PI Prior Incantato
33%
Area protection spell PT Protego Total
33%
Wakes someone up who is unconscious (commonly used against spell for knocking someone out) R Rennervate
33%
Keeps muggles away RM Repello Muggletum
33%
Cleans up messes T Tergeo
33%
Shoots a gust of wind from wand V Ventus
33%
Blasts away Spiders AE Arania Exumai
17%
Slows down objects AM Arresto Momentum
17%
Explode Flames on target C Confringo
17%
Drives an object away D Depulso
17%
Moves an object downwards D Descendo
17%
Cause a person's ears to shrivel ES Ear shriveling
17%
Expel entrails from a body EE Entrail-Expelling
17%
Makes things vanish E Evanesco
17%
Causes objects to burn anyone who touches them F Flagrante
17%
Allows user to write on object F Flagrate
17%
Knocks an object backwards F Flipendo
17%
Makes objects fly F Flying
17%
Slows and advancing object I Impedimenta
17%
Counter spell for above L Liberacorpus
17%
Creates a strong beam of light from the wand LS Lumos Solem
17%
Makes conjured items attack O Oppungno
17%
Causes items to permanently stick to things PS Permanent Sticking
17%
More powerful version of above PM Protego Maxima
17%
Returns items to original size R Reducio
17%
Releases user from binding R Relashio
17%
Makes victim feel stinging and get a rash S Stinging hex
17%
Forces opponent to dance T Tarantallegra
17%
Stronger than above VD Ventus Duo
17%
Turns animals into water VV Vera Verto
17%
Unsticks an object W Waddiwasi
17%
Shoots things high in the air AA Alarte Ascendare
0%
Clears the target’s airway A Anapneo
0%
Turns head hair into antlers A Anteoculatia
0%
Shows traces of recently used spells in the area AV Appare Vestigium
0%
Shoots water from wand AE Aqua Eructo
0%
Moves an object upward A Ascendio
0%
Tracking Spell A Avenseguim
0%
Turns small objects into birds A Avifors
0%
Shoots a rope from wand to snag things CR Carpe Retractum
0%
Detects enemies and emits an alarm CI Cave Inimicum
0%
Opens things CA Cistem Aperio
0%
Makes a person’s shoes stick to the ground C Colloshoo
0%
Makes an object change color C Colovaria
0%
Damages opponents eyesight C Conjunctivitis
0%
Dig out materials D Defodio
0%
Counter spell (against spell that shows all spells it recently cast) D Deletrius
0%
Enlarges teeth D Densaugeo
0%
Wind damaging spell D Deprimo
0%
Opens passageway D Dissendium
0%
Dries up puddles D Drought
0%
Throws a victim backwards ES Everte Statum
0%
Puts out fire E Extinguishing
0%
Defensive charm FD Faint Duri
0%
Creates bandages F Ferula
0%
Turns windows into dust F Finestra
0%
Stops any current spells FI Finite Incantatum
0%
Makes flames cool FF Flame Freezing
0%
Powerful version of above spell FD Flipendo Duo
0%
Defensive cloud of smoke F Flumos
0%
Produces boils on opponent F Furnunculus
0%
Makes it easier to hold things G Gripping
0%
Vanishing Cabinet repair spell HNP Harmonia Nectar Passus
0%
Lets a person track others movements on a map H Homonculous
0%
Lockhart's Werewolf "cure" H Homorphus
0%
Makes an object repel water I Impervius
0%
Shoots a fireball from the caster's wand LI Lacarnum Inflamarae
0%
Locks opponents legs LM Locomotor Mortis
0%
Causes weather effect spells to stop MR Meteolojinx Recanto
0%
Tongue ties it's victim M Mimblewimble
0%
Moves object with wand M Mobillarbus
0%
Moves unconscious bodies M Mobillcorpus
0%
Creates dense fog N Nebulus
0%
Removes things like footprints O Obliteration
0%
Blindfolds the victim O Obscuro
0%
Conjures a bunch of flowers O Orchideous
0%
Causes a gap in charmed barriers PT Partis Temporus
0%
Makes fireworks from the wand tip P Periculum
0%
Gilderoy's spell to remove pixies PP Peskipiksi Pesternomi
0%
Creates "Black Fire" (protective spell) PD Protego Diabolica
0%
Protects one from dark magic PH Protego Horribilis
0%
Counter spell (for amplifying voice spell) Q Quietus
0%
Keeps evil beings away RI Repello Inimicum
0%
Protection against hexes SH Salvio Hexia
0%
Makes victim vomit slugs SE Slugulus Erecto
0%
Reveals hidden secrets or magical properties SR Specialis Revelio
0%
Removes love spell from someone S Surgito
0%
Switches object S Switching Spell
0%
Makes snakes vanish VE Vipera Evanesco
0%
Heals victims (used by Snape to heal Draco) VS Vulnera Sanentur
0%
No matching quizzes found
Score Distribution
Percent of People with Each Score
Percentile by Number Answered
Your Score History
You have not taken this quiz